[Event "Zadar2019"]
[Site "Zadar"]
[Date "2019.12.19"]
[Round "6.16"]
[White "Nester, Ihor"]
[Black "Bukal, Vladimir Jr."]
[Result "0-1"]
[WhiteElo "2329"]
[BlackElo "2393"]
[PlyCount "134"]
[EventDate "2019.12.15"]

1. Nf3 e6 2. c4 f5 3. g3 Nf6 4. Bg2 d5 5. O-O Be7 6. d3 O-O 7. cxd5 exd5 8. Nc3
c6 9. e4 dxe4 10. Qb3+ Kh8 11. dxe4 Na6 12. e5 Ne4 13. Be3 Nec5 14. Qc2 Ne6 15.
Rad1 Qe8 16. Nd4 Nxd4 17. Bxd4 f4 18. Ne4 f3 19. Bh1 Qg6 20. Rfe1 Rf4 21. Qd2
Rxe4 22. Rxe4 Qxe4 23. Bc5 Be6 24. Bxe7 Bd5 25. Re1 Qf5 26. Qe3 Nc7 27. Qf4
Qxf4 28. gxf4 Ne6 29. Re3 Re8 30. Bd6 Nd4 31. Bc5 Nf5 32. Ra3 b6 33. Bb4 a5 34.
Bd2 Nd4 35. Be3 Ne2+ 36. Kf1 b5 37. Rxa5 Kg8 38. Ke1 Be4 39. a4 b4 40. Rc5 b3
41. a5 Kf7 42. a6 Ra8 43. Ra5 c5 44. Bxc5 Nxf4 45. Kd2 Ng2 46. Kc3 Bd5 47. Bd6
Rc8+ 48. Kd4 Ba8 49. Rb5 Rc1 50. Rb8 Bc6 51. a7 Rxh1 52. a8=Q Bxa8 53. Rxa8 Rf1
54. Rf8+ Ke6 55. Rxf3 Nh4 56. Rxb3 Rxf2 57. Rb6 Nf5+ 58. Ke4 Re2+ 59. Kf3 Rxh2
60. Bb8+ Kd5 61. b4 Rb2 62. Kf4 Rf2+ 63. Kg5 Ke4 64. Kg4 Rf4+ 65. Kh3 Kf3 66.
Kh2 Rh4+ 67. Kg1 Ng3 0-1

[Event " Zadar2019"]
[Site "Zadar"]
[Date "2019.12.20"]
[Round "7.4"]
[White "Rudolf, Michal"]
[Black "Predojevic, Borki"]
[Result "1/2-1/2"]
[WhiteElo "2328"]
[BlackElo "2616"]
[PlyCount "34"]
[EventDate "2019.12.15"]

1. d4 Nf6 2. Bg5 d5 3. Bxf6 gxf6 4. c4 dxc4 5. e3 c5 6. d5 Bg7 7. Bxc4 f5 8.
Nc3 Nd7 9. Nge2 O-O 10. O-O Ne5 11. Bd3 e6 12. Nf4 exd5 13. Nfxd5 Be6 14. Be2
a6 15. Qc2 Rc8 16. Rad1 Re8 17. Nf4 Qa5 1/2-1/2

[Event " Zadar2019"]
[Site "Zadar"]
[Date "2019.12.20"]
[Round "7.12"]
[White "Hnydiuk, Aleksander"]
[Black "Peng, Hongchi"]
[Result "1/2-1/2"]
[WhiteElo "2423"]
[BlackElo "2271"]
[PlyCount "259"]
[EventDate "2019.12.15"]

1. d4 d5 2. c4 c6 3. Nf3 Nf6 4. Qc2 g6 5. Bf4 Bg7 6. e3 O-O 7. Nc3 Bf5 8. Bd3
Bxd3 9. Qxd3 dxc4 10. Qxc4 Nd5 11. Be5 Nxc3 12. Bxg7 Kxg7 13. bxc3 Qd5 14. Qb3
Qxb3 15. axb3 Nd7 16. Ke2 a6 17. b4 Rfe8 18. Ra5 Nb6 19. Kd3 Nd5 20. Rb1 Rad8
21. c4 Nc7 22. Ke2 f6 23. Nd2 b6 24. Ra3 e5 25. dxe5 Rxe5 26. Nf3 Re4 27. Rd3
Rde8 28. Rd7+ R8e7 29. Rxe7+ Rxe7 30. Nd4 c5 31. bxc5 bxc5 32. Nc6 Re6 33. Nd8
Re7 34. Rb7 Kh6 35. f4 f5 36. h3 a5 37. Nc6 Rg7 38. Nxa5 g5 39. fxg5+ Kxg5 40.
Nb3 Kf6 41. Rb6+ Ke7 42. Nxc5 Rxg2+ 43. Kf3 Rc2 44. Rc6 Ne8 45. Nb3 Nd6 46. c5
Ne4 47. Kf4 Rc3 48. Nd4 Rxc5 49. Nxf5+ Kf7 50. Rh6 Nf2 51. Rxh7+ Kg8 52. Rg7+
Kh8 53. Rg3 Nd3+ 54. Kg5 Nf2 55. Rf3 Ne4+ 56. Kf4 Nf6 57. e4 Kg8 58. Rg3+ Kf8
59. Rg6 Kf7 60. Rg7+ Kf8 61. Ra7 Nh5+ 62. Kg4 Nf6+ 63. Kf3 Rc1 64. Nd6 Rc3+ 65.
Kf4 Nxe4 66. Ra8+ Ke7 67. Nf5+ Kf7 68. Kxe4 Rxh3 69. Ke5 Rb3 70. Ra7+ Kf8 71.
Ke6 Rb6+ 72. Nd6 Rb1 73. Ra8+ Kg7 74. Nf5+ Kg6 75. Rg8+ Kh5 76. Ng3+ Kh4 77.
Ke5 Rb5+ 78. Kf4 Rb4+ 79. Ne4 Kh5 80. Rg5+ Kh6 81. Rg1 Ra4 82. Kf5 Ra5+ 83. Ke6
Ra6+ 84. Nd6 Kh5 85. Rg8 Kh4 86. Ke5 Ra5+ 87. Kf4 Ra4+ 88. Ne4 Kh5 89. Rg5+ Kh6
90. Rd5 Kg6 91. Ke5 Ra7 92. Rd6+ Kf7 93. Nc3 Re7+ 94. Kf5 Re1 95. Nd5 Rf1+ 96.
Nf4 Ke7 97. Rd2 Ra1 98. Ng6+ Ke8 99. Rd6 Rf1+ 100. Nf4 Ke7 101. Rd4 Ra1 102.
Ng6+ Ke8 103. Ne5 Ra6 104. Rd5 Ra1 105. Nc6 Rf1+ 106. Ke6 Re1+ 107. Ne5 Rh1
108. Kf6 Rf1+ 109. Kg7 Rg1+ 110. Ng6 Rf1 111. Nh4 Rf7+ 112. Kg6 Rd7 113. Ra5
Rd6+ 114. Kg5 Kd7 115. Nf5 Rd1 116. Kf6 Rf1 117. Ke5 Re1+ 118. Kd5 Rd1+ 119.
Nd4 Ke7 120. Ra6 Kf7 121. Ke4 Re1+ 122. Kf4 Rf1+ 123. Nf3 Ke7 124. Ke4 Rb1 125.
Nd4 Re1+ 126. Kd5 Rd1 127. Ra2 Kf7 128. Ke5 Re1+ 129. Ne2 Ke7 130. Rd2 1/2-1/2

[Event "Zadar2019"]
[Site "Zadar"]
[Date "2019.12.21"]
[Round "8.22"]
[White "Mitev, Valentin"]
[Black "Stocko, Josip"]
[Result "1/2-1/2"]
[WhiteElo "2233"]
[BlackElo "2267"]
[PlyCount "168"]
[EventDate "2019.12.15"]

1. d4 g6 2. e4 Bg7 3. Nc3 d6 4. f4 a6 5. Nf3 b5 6. a3 c6 7. Be2 Nd7 8. O-O e6
9. Be3 Nh6 10. Kh1 O-O 11. Qd2 f5 12. Ng5 Re8 13. d5 exd5 14. exd5 c5 15. Ne6
Qe7 16. Bf3 Nb6 17. Rae1 Nc4 18. Qc1 Nxe3 19. Rxe3 Bd7 20. Rfe1 Qf6 21. Nd1 Nf7
22. c3 h6 23. g3 a5 24. Nf2 Rac8 25. Qd2 Re7 26. R1e2 Rce8 27. Qe1 Bf8 28. g4
Bxe6 29. Rxe6 Rxe6 30. dxe6 Nd8 31. Bd5 Be7 32. gxf5 Qxf5 33. Qd2 Rf8 34. Ne4
Qxf4 35. Qxf4 Rxf4 36. Nxd6 Rf1+ 37. Kg2 Rd1 38. Nc8 Kf8 39. Rf2+ Ke8 40. c4 b4
41. Re2 bxa3 42. bxa3 g5 43. Re3 Rd2+ 44. Kg3 h5 45. h3 Rb2 46. Be4 Nb7 47. Rd3
Bf6 48. Bc6+ Kf8 49. e7+ Bxe7 50. Rf3+ Kg7 51. Nxe7 Nd6 52. Nf5+ Kg6 53. Ne7+
Kg7 54. Bd5 Re2 55. Nf5+ Kg6 56. Ne3 h4+ 57. Kg4 Re1 58. Nf1 Nxc4 59. Bf7+ Kh6
60. Bxc4 Re4+ 61. Kf5 Rxc4 62. Ne3 Rc1 63. Ng4+ Kh5 64. Nf6+ Kh6 65. Ne4 c4 66.
Ke5 c3 67. Nxc3 g4 68. hxg4 Kg5 69. Ne4+ Kxg4 70. Re3 Rf1 71. Nf6+ Kg5 72. Nd5
Kg4 73. Re4+ Kg5 74. Ne3 Rf3 75. Kd4 h3 76. Rg4+ Kh5 77. Rg8 Rf4+ 78. Kd3 Kh4
79. Rg7 Ra4 80. Nc4 h2 81. Kc3 Kh3 82. Kb3 h1=Q 83. Rh7+ Kg2 84. Rxh1 Rxa3+
1/2-1/2

[Event "Zadar2019"]
[Site "Zadar"]
[Date "2019.12.22"]
[Round "9.1"]
[White "Saric, Ante"]
[Black "Brkic, Ante"]
[Result "1/2-1/2"]
[WhiteElo "2556"]
[BlackElo "2576"]
[PlyCount "34"]
[EventDate "2019.12.15"]

1. d4 Nf6 2. c4 e6 3. Nc3 Bb4 4. Nf3 d5 5. Bg5 h6 6. Bxf6 Qxf6 7. e3 O-O 8. Rc1
dxc4 9. Bxc4 c5 10. O-O cxd4 11. Nxd4 Bd7 12. Qb3 Nc6 13. Nxc6 Bxc3 14. Rxc3
Bxc6 15. Bb5 Bd5 16. Bc4 Bc6 17. Bb5 Bd5 1/2-1/2

[Event "Zadar2019"]
[Site "Zadar"]
[Date "2019.12.22"]
[Round "9.2"]
[White "Bhambure, Shantanu"]
[Black "Blohberger, Felix"]
[Result "1/2-1/2"]
[WhiteElo "2340"]
[BlackElo "2434"]
[PlyCount "60"]
[EventDate "2019.12.15"]

1. d4 d6 2. e4 Nf6 3. f3 d5 4. e5 Nfd7 5. f4 e6 6. Nf3 c5 7. c3 Nc6 8. Be2 Be7
9. O-O O-O 10. Na3 a6 11. Nc2 b5 12. Be3 c4 13. g4 f5 14. gxf5 exf5 15. b4 Nb6
16. Bd2 a5 17. a3 Be6 18. Ne3 Qd7 19. Kh1 axb4 20. axb4 Rxa1 21. Qxa1 Ra8 22.
Qe1 Ra2 23. Rg1 Na4 24. Ng5 Bf8 25. Bf3 Nb6 26. Qh4 h6 27. Nxe6 Qxe6 28. Be1
Kh7 29. Qh3 g6 30. Qg3 Ne7 1/2-1/2

[Event "Zadar2019"]
[Site "Zadar"]
[Date "2019.12.22"]
[Round "9.4"]
[White "Livaic, Leon"]
[Black "Stany, G.A.."]
[Result "1/2-1/2"]
[WhiteElo "2505"]
[BlackElo "2526"]
[PlyCount "121"]
[EventDate "2019.12.15"]

1. d4 Nf6 2. c4 e6 3. g3 d5 4. Bg2 dxc4 5. Nf3 Bb4+ 6. Nc3 Nc6 7. O-O O-O 8.
Qa4 Nd5 9. Qc2 Be7 10. Ne4 Ndb4 11. Qxc4 Qd5 12. Qxd5 exd5 13. Nc3 Nc2 14. Rb1
N2xd4 15. Nxd4 Nxd4 16. Rd1 Bf6 17. e3 Ne6 18. Nxd5 Bd8 19. b4 c6 20. Nc3 Nc7
21. b5 Nxb5 22. Nxb5 cxb5 23. Rxb5 Bb6 24. Ba3 Re8 25. Bc5 Bxc5 26. Rxc5 Rb8
27. Rc7 Kf8 28. a4 a5 29. Rd6 Be6 30. Rxb7 Rxb7 31. Bxb7 Rb8 32. Bc6 Rb6 33.
Rd8+ Ke7 34. Re8+ Kd6 35. Bb5 Kc5 36. Kf1 Rb7 37. Ke1 Kb4 38. Kd2 Rc7 39. Rd8
Bb3 40. Rd4+ Ka3 41. Ke2 Rc2+ 42. Kf3 Rc1 43. Rd7 Rc5 44. g4 h5 45. h3 h4 46.
Rd4 g5 47. Ke4 Bc2+ 48. Kf3 Bb3 49. Rd7 Rc2 50. Re7 f6 51. Rd7 Bxa4 52. Bxa4
Kxa4 53. Rd6 Kb5 54. Rxf6 a4 55. Rf8 a3 56. Ra8 a2 57. Ke4 Rc4+ 58. Kd5 Rc5+
59. Kd4 Rc4+ 60. Kd5 Rc5+ 61. Ke4 1/2-1/2

[Event "Zadar2019"]
[Site "Zadar"]
[Date "2019.12.22"]
[Round "9.5"]
[White "Nguyen, Piotr"]
[Black "Predojevic, Borki"]
[Result "0-1"]
[WhiteElo "2413"]
[BlackElo "2616"]
[PlyCount "170"]
[EventDate "2019.12.15"]

1. f4 d5 2. Nf3 Nf6 3. g3 g6 4. Bg2 Bg7 5. O-O b6 6. Ne5 O-O 7. c4 c5 8. Nc3
Bb7 9. d4 cxd4 10. Qxd4 Nc6 11. Nxc6 Bxc6 12. Qd3 e6 13. f5 Qe7 14. cxd5 Nxd5
15. Nxd5 Bxd5 16. Bxd5 exd5 17. Qxd5 Rad8 18. Qf3 Qc5+ 19. Be3 Qxf5 20. Qxf5
gxf5 21. Rxf5 Rfe8 22. Kf2 Bxb2 23. Rb1 Bd4 24. Bxd4 Rxd4 25. Rb2 Rc8 26. Rf4
Rd6 27. a4 Rc5 28. Rbb4 Re6 29. Rbe4 Rxe4 30. Rxe4 Kg7 31. g4 Kf6 32. h4 h6 33.
Kf3 Rc1 34. Rd4 Rf1+ 35. Kg2 Ra1 36. Kf3 Rf1+ 37. Kg2 Ra1 38. Kf3 Kg7 39. e3
Rh1 40. Kg3 Rb1 41. Kf3 Rh1 42. Kg3 a5 43. Rd6 Ra1 44. Rxb6 Rxa4 45. Ra6 Ra1
46. Kf4 a4 47. Ke4 a3 48. Ra5 a2 49. g5 hxg5 50. Rxg5+ Kh6 51. Rg2 f5+ 52. Ke5
f4 53. Ke4 Kh5 54. Rf2 fxe3 55. Re2 Kxh4 56. Kxe3 Kg5 57. Ke4 Kf6 58. Rf2+ Ke6
59. Kf3 Ke5 60. Kg2 Rg1+ 61. Kxg1 a1=Q+ 62. Kg2 Qd1 63. Kg3 Ke4 64. Rf4+ Ke3
65. Rf5 Qg1+ 66. Kh4 Qg6 67. Rf1 Qh7+ 68. Kg4 Qg8+ 69. Kh3 Qe6+ 70. Kg3 Qg8+
71. Kh3 Qg5 72. Kh2 Qh4+ 73. Kg2 Ke2 74. Rg1 Qg4+ 75. Kh2 Qh4+ 76. Kg2 Qf2+ 77.
Kh1 Ke3 78. Rg4 Qf5 79. Rg2 Kf3 80. Kh2 Qh5+ 81. Kg1 Qh4 82. Rc2 Qe1+ 83. Kh2
Qe5+ 84. Kg1 Qg7+ 85. Kh1 Qh7+ 0-1

[Event "Zadar2019"]
[Site "Zadar"]
[Date "2019.12.22"]
[Round "9.9"]
[White "Yeoh, Li Tian"]
[Black "Dev, Shah"]
[Result "1/2-1/2"]
[WhiteElo "2530"]
[BlackElo "2242"]
[PlyCount "221"]
[EventDate "2019.12.15"]

1. e4 e5 2. f4 exf4 3. Bc4 Nf6 4. Nc3 Bb4 5. Nf3 Qe7 6. e5 O-O 7. Qe2 Bxc3 8.
bxc3 Nh5 9. d4 d6 10. Ba3 Bg4 11. O-O Qd7 12. Bb5 Qe6 13. c4 c6 14. Ba4 Re8 15.
Qd3 Bxf3 16. Qxf3 Qxc4 17. Bb3 Qxd4+ 18. Kh1 Qxe5 19. Bxd6 Qxd6 20. Qxh5 Qf6
21. Rad1 Na6 22. g3 Re7 23. Rxf4 g6 24. Qg4 Qg7 25. Rd7 Rxd7 26. Qxd7 Nc5 27.
Bxf7+ Kh8 28. Qd6 Rf8 29. Kg1 b6 30. Qxc6 Rd8 31. Bc4 Rf8 32. Bf7 Rd8 33. Qf3
g5 34. Rf5 g4 35. Qe3 Qd4 36. Qxd4+ Rxd4 37. c4 Ne4 38. Bd5 Nd6 39. Rf8+ Kg7
40. Ra8 Nxc4 41. Rxa7+ Kg6 42. Bg8 h6 43. Rb7 Ne5 44. Kf2 Rb4 45. Ke3 h5 46.
Bb3 Nf3 47. h4 Nd4 48. Bf7+ Kh6 49. Kd3 Nf5 50. Kc3 Rb5 51. Bc4 Re5 52. Bd3 Ne7
53. Rxb6+ Kg7 54. Rb7 Kf6 55. a4 Rc5+ 56. Kd4 Ra5 57. Rb6+ Kg7 58. Bc2 Rd5+ 59.
Kc4 Rd2 60. Rb2 Rg2 61. a5 Rxg3 62. Bb3 Rg1 63. a6 Rc1+ 64. Kb5 Nc8 65. Bd5 Kf6
66. Re2 Kf5 67. Bb7 Nd6+ 68. Kb6 Rb1+ 69. Kc7 Nb5+ 70. Kd7 Kf4 71. Rg2 g3 72.
Ra2 Kg4 73. Ra4+ Kh3 74. Ke6 Nc7+ 75. Kf7 Nxa6 76. Bc8+ Kh2 77. Ra2+ g2 78.
Bxa6 Kg3 79. Rxg2+ Kxg2 80. Be2 Kg3 81. Bxh5 Kxh4 82. Bg6 Rb7+ 83. Kf6 Rb6+ 84.
Kf5 Rb5+ 85. Kf4 Rg5 86. Bf5 Rg1 87. Bd3 Rd1 88. Ke3 Kg3 89. Kd4 Kf4 90. Kc3
Ke3 91. Bc2 Rd7 92. Kb2 Rb7+ 93. Ka1 Kd2 94. Bg6 Kc3 95. Bf5 Ra7+ 96. Kb1 Kb3
97. Be6+ Ka3 98. Kc2 Rb7 99. Kc3 Re7 100. Bd5 Ka4 101. Kc4 Ka5 102. Kc5 Rd7
103. Be6 Rd1 104. Bd5 Rg1 105. Be6 Rg5+ 106. Kd6 Kb6 107. Ke7 Kc7 108. Kf6 Rg1
109. Ke5 Kd8 110. Kd6 Rd1+ 111. Bd5 1/2-1/2

[Event "Zadar2019"]
[Site "Zadar"]
[Date "2019.12.22"]
[Round "9.12"]
[White "Spalir, Jernej"]
[Black "Bukal, Vladimir Jr."]
[Result "1/2-1/2"]
[WhiteElo "2429"]
[BlackElo "2393"]
[PlyCount "85"]
[EventDate "2019.12.15"]

1. d4 e6 2. c4 b6 3. e4 Bb7 4. Bd3 Bb4+ 5. Bd2 Bxd2+ 6. Qxd2 d6 7. Nc3 e5 8. d5
Nd7 9. Nge2 Ne7 10. O-O a5 11. b3 Nc5 12. Bc2 O-O 13. a3 Ba6 14. b4 Nd7 15. Bd3
Kh8 16. Ng3 Ng6 17. Nce2 Nh4 18. Rac1 Bc8 19. Bc2 h6 20. Ra1 Nf6 21. Qc3 Qe7
22. Rfc1 Bd7 23. Bd3 Nh7 24. c5 bxc5 25. bxc5 Ra7 26. c6 Bc8 27. f4 exf4 28.
Nxf4 Qg5 29. Rf1 Nf6 30. Rab1 Ra8 31. Rb5 Qe5 32. Qxe5 dxe5 33. Nfe2 Ba6 34.
Rb3 Bxd3 35. Rxd3 Ne8 36. Rb3 Nd6 37. Nc3 Rfb8 38. Rfb1 Rxb3 39. Rxb3 Kg8 40.
Nf1 f5 41. Nd2 fxe4 42. Ncxe4 Nhf5 43. Nxd6 1/2-1/2

[Event "Zadar2019"]
[Site "Zadar"]
[Date "2019.12.22"]
[Round "9.14"]
[White "Pecnik, Leo"]
[Black "Chan, Kim Yew"]
[Result "1-0"]
[WhiteElo "2326"]
[BlackElo "2245"]
[PlyCount "43"]
[EventDate "2019.12.15"]

1. d4 Nf6 2. Bg5 Ne4 3. Bh4 d5 4. f3 Nf6 5. Nc3 c5 6. e4 dxe4 7. d5 Qb6 8. Bb5+
Bd7 9. a4 Qa5 10. fxe4 Nxe4 11. Nge2 g5 12. O-O Nxc3 13. Nxc3 gxh4 14. Qh5 Qb6
15. d6 Qxd6 16. Qxf7+ Kd8 17. Rad1 Qh6 18. Qd5 Bg7 19. Qxb7 Bd4+ 20. Rxd4 cxd4
21. Bxd7 Qb6 22. Qc8# 1-0

[Event "Zadar2019b"]
[Site "Zadar"]
[Date "2019.12.16"]
[Round "2.1"]
[White "Bobanac, Miro"]
[Black "Balen, Teo"]
[Result "1/2-1/2"]
[WhiteElo "2254"]
[BlackElo "2002"]
[PlyCount "115"]
[EventDate "2019.12.15"]

1. Nf3 f5 2. b3 d6 3. d4 Nf6 4. Bb2 g6 5. g3 Bg7 6. Bg2 O-O 7. O-O c6 8. c4 a5
9. Nc3 Qe8 10. Qc2 h6 11. d5 Na6 12. a3 e5 13. dxe6 Bxe6 14. Rad1 Rd8 15. Nd4
Bf7 16. Rfe1 Nc5 17. b4 axb4 18. axb4 Nce4 19. Nxe4 Nxe4 20. f3 Ng5 21. e4 fxe4
22. f4 Ne6 23. Rxe4 Nxd4 24. Bxd4 Bxd4+ 25. Rexd4 Qe6 26. Qd3 Rd7 27. h4 Rfd8
28. Kh2 Qf6 29. Bh3 Be6 30. Bxe6+ Qxe6 31. Qe4 Qxe4 32. Rxe4 d5 33. Red4 Kf7
34. g4 h5 35. Kg3 hxg4 36. Kxg4 Kf6 37. R1d2 Rd6 38. c5 Re6 39. b5 Ra8 40. Rh2
Ra5 41. h5 gxh5+ 42. Rxh5 Rxb5 43. Rh6+ Kf7 44. Rh7+ Kf6 45. Rd1 Re7 46. Rh6+
Kf7 47. Rdh1 Rxc5 48. Rd6 Rc2 49. Rh7+ Ke8 50. Rh8+ Kf7 51. Rdd8 Ree2 52. Rd6
Rh2 53. Rhd8 Rcg2+ 54. Kf3 Rf2+ 55. Kg4 Rfg2+ 56. Kf3 Rf2+ 57. Kg4 Rfg2+ 58.
Kf3 1/2-1/2

[Event "Zadar2019b"]
[Site "Zadar"]
[Date "2019.12.16"]
[Round "2.2"]
[White "Karlusic, Luka"]
[Black "Doric, Nenad"]
[Result "1-0"]
[WhiteElo "2000"]
[BlackElo "2252"]
[PlyCount "49"]
[EventDate "2019.12.15"]

1. d4 d5 2. c4 e6 3. Nc3 Nf6 4. cxd5 exd5 5. Bg5 Be7 6. e3 c6 7. Qc2 Nbd7 8.
Bd3 h6 9. Bf4 Nh5 10. Nf3 Nxf4 11. exf4 Nf6 12. Ne5 O-O 13. O-O-O Bd7 14. g4
Nxg4 15. Rdg1 Nf6 16. Rg2 Ne8 17. Rhg1 Bf6 18. Qe2 Nd6 19. Qh5 Kh8 20. Rg3 Be6
21. f5 Bc8 22. Rh3 Kh7 23. f4 Rh8 24. Nxf7 Nxf7 25. Qxf7 1-0

[Event "Zadar2019b"]
[Site "Zadar"]
[Date "2019.12.16"]
[Round "3.1"]
[White "Robert, Pierre"]
[Black "Ciganovic, Nikola"]
[Result "0-1"]
[WhiteElo "2064"]
[BlackElo "2238"]
[PlyCount "94"]
[EventDate "2019.12.15"]

1. e4 e5 2. Nf3 Nc6 3. Bb5 a6 4. Ba4 Nf6 5. O-O b5 6. Bb3 Be7 7. Re1 O-O 8. c3
Bb7 9. d4 exd4 10. e5 Ne8 11. cxd4 d6 12. e6 fxe6 13. Bxe6+ Kh8 14. d5 Ne5 15.
Nd4 Bg5 16. Nc3 Nc4 17. b3 Nb6 18. a3 Bxc1 19. Rxc1 Nf6 20. Nf3 Nh5 21. Ne4 Nf4
22. Neg5 Qf6 23. Qc2 Qg6 24. Qxg6 Nxg6 25. Nf7+ Rxf7 26. Bxf7 Nxd5 27. Re8+
Rxe8 28. Bxe8 Ngf4 29. Kf1 c5 30. Bd7 Nxg2 31. Kxg2 Nf4+ 32. Kf1 Bxf3 33. Rc3
Be4 34. Re3 d5 35. Bf5 Bg2+ 36. Kg1 g6 37. Bc8 a5 38. f3 Kg7 39. Kf2 g5 40. Bb7
Bh3 41. Bxd5 Nxd5 42. Re5 Nf4 43. Kg3 Nd3 44. Rxg5+ Kf6 45. Rd5 Bf5 46. Rd6+
Ke5 47. Ra6 c4 0-1

[Event "Zadar2019b"]
[Site "Zadar"]
[Date "2019.12.16"]
[Round "3.2"]
[White "Kajtazi, Driton"]
[Black "Jelecevic, Ivo"]
[Result "0-1"]
[WhiteElo "2057"]
[BlackElo "2185"]
[PlyCount "74"]
[EventDate "2019.12.15"]

1. e4 c5 2. c3 Nf6 3. f3 d5 4. e5 Nfd7 5. d4 Nc6 6. Be3 Qb6 7. Qd2 e6 8. Ne2 a5
9. g4 a4 10. f4 Na5 11. Ng3 cxd4 12. Bxd4 Qc7 13. Bb5 Nc4 14. Qc2 Qa5 15. Bxc4
dxc4 16. Qe2 b5 17. Qf2 Bb7 18. O-O Qc7 19. f5 Nc5 20. h4 Nd3 21. Qe2 Qc6 22.
Kh2 Be7 23. fxe6 Qxe6 24. Nf5 O-O 25. g5 Rfe8 26. Nd2 Bf8 27. Nh6+ gxh6 28. Rf6
Qe7 29. gxh6 Qxf6 30. Rg1+ Kh8 31. e6 Qxd4 32. cxd4 Rxe6 33. Qf1 Bd6+ 34. Kh3
Re3+ 35. Kg4 Rg8+ 36. Kf5 Bc8+ 37. Kf6 Be7+ 0-1

[Event "Zadar2019b"]
[Site "Zadar"]
[Date "2019.12.17"]
[Round "4.1"]
[White "Ciganovic, Nikola"]
[Black "Berke, Ana"]
[Result "0-1"]
[WhiteElo "2238"]
[BlackElo "2113"]
[PlyCount "82"]
[EventDate "2019.12.15"]

1. Nf3 c5 2. g3 Nc6 3. Bg2 e5 4. d3 g6 5. a3 Bg7 6. O-O Nge7 7. e4 O-O 8. c3 d5
9. b4 b6 10. exd5 Nxd5 11. Re1 cxb4 12. axb4 e4 13. Bg5 Qd7 14. Rxe4 Bxc3 15.
Nxc3 Nxc3 16. Qe1 Nxe4 17. dxe4 f6 18. Bh6 Re8 19. e5 Bb7 20. Bf4 g5 21. Be3 g4
22. Rd1 Qc7 23. Nh4 Nxe5 24. Qe2 Bxg2 25. Nxg2 Rad8 26. Rxd8 Rxd8 27. h3 Qd7
28. Nf4 Qd1+ 29. Qxd1 Rxd1+ 30. Kg2 gxh3+ 31. Kxh3 a5 32. bxa5 bxa5 33. Ne2 Kf7
34. Nc3 Rd3 35. Na4 Ra3 36. Nc5 Ra2 37. f4 Nc4 38. Bd4 a4 39. Kg4 Nd6 40. Kf3
a3 41. Nb3 Nb5 0-1

[Event "Zadar2019b"]
[Site "Zadar"]
[Date "2019.12.17"]
[Round "4.2"]
[White "Jelecevic, Ivo"]
[Black "Parnali, S Dharia"]
[Result "1/2-1/2"]
[WhiteElo "2185"]
[BlackElo "2102"]
[PlyCount "118"]
[EventDate "2019.12.15"]

1. e4 e5 2. Nf3 Nc6 3. g3 Nf6 4. d3 d5 5. exd5 Nxd5 6. Bg2 Be7 7. O-O O-O 8.
Re1 Bf6 9. Bd2 Bf5 10. Nc3 Nb6 11. h3 g6 12. Bh6 Re8 13. Qd2 Nd4 14. Nxd4 exd4
15. Rxe8+ Qxe8 16. Ne4 Bxe4 17. Bxe4 Nc4 18. Qb4 Nd6 19. Bf3 a5 20. Qd2 Qb5 21.
b3 Re8 22. h4 b6 23. Re1 Rxe1+ 24. Qxe1 Qc5 25. Qe2 b5 26. a4 Bg7 27. Bf4 b4
28. Kf1 Kf8 29. Ke1 Qc3+ 30. Qd2 Qxd2+ 31. Kxd2 Ke7 32. Bc6 h5 33. Ke2 Ke6 34.
Kf3 Bf6 35. Bh6 Nf5 36. Bd2 Nd6 37. Bf4 Be7 38. Kg2 Bd8 39. Kh3 Nf5 40. Bb7 Nd6
41. Bf3 f6 42. Bc6 Nf7 43. Kg2 Ke7 44. Be4 g5 45. Bd2 g4 46. Bf4 Nh8 47. f3 Ke6
48. Bc6 f5 49. Bb7 Nf7 50. fxg4 fxg4 51. Be4 Kf6 52. Bd2 Be7 53. Bd5 Bd6 54.
Kf2 Be5 55. Kg2 Bd6 56. Bc6 Be5 57. Be1 Bd6 58. Bd2 Be5 59. Be1 Bd6 1/2-1/2

[Event "Zadar2019b"]
[Site "Zadar"]
[Date "2019.12.18"]
[Round "5.1"]
[White "Berke, Ana"]
[Black "Jelecevic, Ivo"]
[Result "0-1"]
[WhiteElo "2113"]
[BlackElo "2185"]
[PlyCount "92"]
[EventDate "2019.12.15"]

1. e4 c5 2. Nf3 g6 3. c4 Nc6 4. d4 cxd4 5. Nxd4 Bg7 6. Be3 Nf6 7. Nc3 Ng4 8.
Qxg4 Nxd4 9. Qd1 Ne6 10. Bd3 d6 11. O-O O-O 12. Rb1 Bd7 13. Nd5 Nc5 14. Bc2 a5
15. f4 Bc6 16. f5 Bxd5 17. exd5 Nd7 18. Kh1 Ne5 19. c5 Qc7 20. Be4 Nc4 21. cxd6
Qxd6 22. Bf4 Qb6 23. Qe2 Rac8 24. Bd3 Qd4 25. Bxc4 Rxc4 26. Qxe7 Qxd5 27. f6
Re4 28. Qd6 Qxd6 29. Bxd6 Rd8 30. Be7 Re8 31. h3 h5 32. Rfd1 Bh6 33. Rd7 Bf4
34. Rxb7 Rc8 35. Rd7 Rc2 36. Rd8+ Kh7 37. Bf8 Ree2 38. Bd6 Red2 39. Bxf4 Rxd8
40. a3 h4 41. b4 Rc4 42. Be3 Rd3 43. Bb6 a4 44. Re1 g5 45. Re5 Rd1+ 46. Kh2
Rcc1 0-1

[Event "Zadar2019b"]
[Site "Zadar"]
[Date "2019.12.18"]
[Round "5.2"]
[White "Parnali, S Dharia"]
[Black "Veleski, Robert"]
[Result "1/2-1/2"]
[WhiteElo "2102"]
[BlackElo "2153"]
[PlyCount "70"]
[EventDate "2019.12.15"]

1. d4 d6 2. c4 g6 3. Nc3 Bg7 4. e4 e5 5. dxe5 dxe5 6. Qxd8+ Kxd8 7. f4 Be6 8.
Nf3 Nd7 9. Be3 Ne7 10. O-O-O Nc6 11. Ng5 Re8 12. f5 gxf5 13. exf5 Bxf5 14.
Nxf7+ Kc8 15. Bd3 e4 16. Bc2 Bxc3 17. bxc3 Nde5 18. Nxe5 Nxe5 19. c5 Nd3+ 20.
Kb1 Kd7 21. Rhf1 Bg6 22. h4 Bh5 23. Rd2 Rf8 24. Bxd3 exd3 25. Rxd3+ Kc6 26.
Rxf8 Rxf8 27. Rd2 Rf1+ 28. Kb2 Re1 29. Bf2 Re2 30. Rxe2 Bxe2 31. Kb3 h5 32. c4
a6 33. Kc3 Kd7 34. a3 c6 35. Bg3 Bf1 1/2-1/2

[Event "Zadar2019b"]
[Site "Zadar"]
[Date "2019.12.19"]
[Round "6.1"]
[White "Duhayon, Yves"]
[Black "Berke, Ana"]
[Result "0-1"]
[WhiteElo "2119"]
[BlackElo "2113"]
[PlyCount "160"]
[EventDate "2019.12.15"]

1. d4 Nf6 2. c4 e6 3. Nc3 Bb4 4. e3 O-O 5. Nge2 d5 6. a3 Bd6 7. Ng3 a6 8. b4 b6
9. cxd5 exd5 10. Bd3 c5 11. bxc5 bxc5 12. O-O Bg4 13. f3 Be6 14. Nce2 Nc6 15.
Kh1 Qd7 16. Bd2 Rfc8 17. Bc2 Rab8 18. dxc5 Bxc5 19. Bc3 Qe7 20. Qd3 g6 21. Ba4
d4 22. exd4 Bxa3 23. Bd2 Bb2 24. Rab1 Nb4 25. Qe3 Nbd5 26. Qd3 Nb4 27. Qe3 Nfd5
28. Qh6 Nd3 29. Ne4 f6 30. h4 Qg7 31. Qxg7+ Kxg7 32. Nc5 Nxc5 33. dxc5 Bf5 34.
Rbd1 Rxc5 35. Ng3 Bd3 36. Rfe1 Rc4 37. Bd7 Rxh4+ 38. Bh3 Bc2 39. Bh6+ Kxh6 40.
Rxd5 Be5 41. Ne4 Bxe4 42. fxe4 Rxe4 43. Red1 Reb4 44. Kg1 Rb1 45. Rxb1 Rxb1+
46. Kf2 Ra1 47. Be6 Kg5 48. Rd7 h5 49. Rg7 f5 50. Rg8 Kf6 51. Bc4 a5 52. Rf8+
Kg5 53. Rg8 Rc1 54. Bf7 Rc6 55. Ra8 Bc3 56. Be8 Rd6 57. Bf7 h4 58. Bc4 Bb4 59.
Kf3 Rc6 60. Bf7 Rc3+ 61. Kf2 Rc2+ 62. Kf1 Rc7 63. Be8 Re7 64. Ba4 Be1 65. Bd1
Bg3 66. Be2 Rc7 67. Bf3 Rc5 68. Ra6 Re5 69. Be2 Rc5 70. Bf3 Kf4 71. Bd1 Re5 72.
Be2 g5 73. Rc6 Re4 74. Rc3 g4 75. Ra3 a4 76. Rc3 Kg5 77. Rd3 Rf4+ 78. Kg1 Rb4
79. Rd1 Be5 80. Rd5 Re4 0-1

[Event "Zadar2019b"]
[Site "Zadar"]
[Date "2019.12.19"]
[Round "6.2"]
[White "Hercog, Nusa"]
[Black "Bobanac, Miro"]
[Result "1-0"]
[WhiteElo "2064"]
[BlackElo "2254"]
[PlyCount "83"]
[EventDate "2019.12.15"]

1. d4 Nf6 2. c4 e6 3. Nf3 b6 4. a3 Bb7 5. Nc3 d5 6. cxd5 Nxd5 7. Qc2 Nxc3 8.
bxc3 Be7 9. e4 Nd7 10. Bd3 c5 11. O-O cxd4 12. cxd4 Rc8 13. Qe2 O-O 14. Bb2 Qc7
15. Nd2 Bg5 16. e5 Bxd2 17. Qxd2 Qc6 18. f4 Rfd8 19. Qe2 Qd5 20. Rf3 g6 21. h4
Nb8 22. Rd1 Qa5 23. Rg3 Ba6 24. h5 Bxd3 25. Qxd3 Qa6 26. Qe4 Qa4 27. Rd2 Qc6
28. Qb1 Na6 29. hxg6 hxg6 30. f5 exf5 31. Qxf5 Nc5 32. Rf2 Qe6 33. dxc5 Qxf5
34. Rxf5 Rxc5 35. Rf2 Rc6 36. Rgf3 Rd7 37. Rh3 Kf8 38. e6 Rxe6 39. Bf6 Rd1+ 40.
Kh2 Ke8 41. Rh8+ Kd7 42. Rd8+ 1-0

[Event "Zadar2019b"]
[Site "Zadar"]
[Date "2019.12.20"]
[Round "7.2"]
[White "Soric, Romeo"]
[Black "Parnali, S Dharia"]
[Result "1/2-1/2"]
[WhiteElo "2051"]
[BlackElo "2102"]
[PlyCount "89"]
[EventDate "2019.12.15"]

1. Nf3 Nf6 2. g3 c5 3. Bg2 Nc6 4. O-O d5 5. d3 e5 6. Nbd2 Be7 7. e4 O-O 8. Re1
d4 9. a4 b6 10. Nc4 Nd7 11. Rf1 a6 12. Ne1 Bb7 13. b3 b5 14. Nb2 Qc7 15. f4
exf4 16. gxf4 f5 17. e5 Nb4 18. Bxb7 Qxb7 19. Nf3 Rfe8 20. Bd2 Nd5 21. Qe2 Nf8
22. Qf2 Ne6 23. Ne1 Rac8 24. Ng2 Kh8 25. h4 Rc6 26. Qf3 Ne3 27. axb5 axb5 28.
Bxe3 dxe3 29. c3 b4 30. Ra7 Qc8 31. Rfa1 bxc3 32. Nc4 Nd4 33. Qxe3 Rg6 34. Kh1
Qc6 35. Rg1 Bxh4 36. Qh3 Bf2 37. Nd6 Rh6 38. Nf7+ Kg8 39. Nxh6+ gxh6 40. Rga1
Kh8 41. R7a6 Qb7 42. Ra7 Qc6 43. R7a6 Qb7 44. Ra7 Qc6 45. R7a6 1/2-1/2